00424nam a2200133Ia 450000500170000000800410001702000150005808200130007310000180008624500600010426000520016430000130021650000610022920250613040021.0240331s9999 xx 000 0 und d a9558365254 bMARa306 aMarasingha, J 0aKatha kathunge pathiwatha pilibanda aadikshana warthawa aNugegodabSanhindu Printing & Publicationc2000 a209 p ., aMonitoring Report on the "Patiwata" of the Kannada Women